000 00303nam a22001457a 4500
008 230413b ||||| |||| 00| 0 eng d
020 _a9780764434044
041 _aeng
080 _a159.9
082 _a159.9SJO
100 _a25
101 _aPSI
245 _aOUTFLOW
_cSJOGREN S
942 _2udc
_cBK
999 _c59534
_d59534